LEADER 01055nam a22002773i 4500 001 991000613489707536 005 20040114153337.0 008 040220s1970 it |||||||||||||||||ita 035 $ab12644377-39ule_inst 035 $aARCHE-064272$9ExL 040 $aDip.to Scienze pedagogiche$bita$cA.t.i. Arché s.c.r.l. Pandora Sicilia s.r.l. 082 04$a371.7 100 1 $aRagazzi, Carlo Alberto$0339375 245 10$aIgiene della scuola e del fanciullo /$cCarlo Alberto Ragazzi 250 $a4. ed. accresciuta 260 $aBrescia :$bLa scuola,$c1970 300 $a261 p. ;$c22 cm 500 $aIn appendice: Decreti relativi ai servizi di medicina scolastica 650 4$aIgiene scolastica 650 4$aFanciulli$xIgiene 907 $a.b12644377$b02-04-14$c17-03-04 912 $a991000613489707536 945 $aLE022 MP 81 H 60$g1$i2022000151719$lle022$o-$pE0.00$q-$rl$s- $t0$u2$v0$w2$x0$y.i13148345$z17-03-04 996 $aIgiene della scuola e del fanciullo$9274145 997 $aUNISALENTO 998 $ale022$b17-03-04$cm$da $e-$fita$git $h0$i1 LEADER 02682oam 2200673 450 001 9910707368103321 005 20170307074224.0 035 $a(CKB)5470000002463835 035 $a(OCoLC)953581482 035 $a(EXLCZ)995470000002463835 100 $a20160714d2016 ua 0 101 0 $aeng 135 $aurbn||||a|||| 181 $ctxt$2rdacontent 182 $cc$2rdamedia 183 $acr$2rdacarrier 200 10$aInternal Revenue Service's colleges and universities compliance project $ehearing before the Subcommittee on Oversight of the Committee on Ways and Means, U.S. House of Representatives, One Hundred Thirteenth Congress, first session, May 8, 2013 210 1$aWashington :$cU.S. Government Publishing Office,$d2016. 215 $a1 online resource (iii, 62 pages) 300 $aTitle from title screen (viewed July 14, 2016). 300 $aPaper version available for sale by the Superintendent of Documents, United States Government Publishing Office. 300 $a"Serial no. 113-OS4." 320 $aIncludes bibliographical references. 517 $aInternal Revenue Service's colleges and universities compliance project 606 $aUniversities and colleges$xTaxation$zUnited States 606 $aUniversities and colleges$zUnited States$xFinance 606 $aTax exemption$zUnited States 606 $aNonprofit organizations$xTaxation$xLaw and legislation$zUnited States 606 $aTaxpayer compliance$zUnited States 606 $aNonprofit organizations$xTaxation$xLaw and legislation$2fast 606 $aTax exemption$2fast 606 $aTaxpayer compliance$2fast 606 $aUniversities and colleges$xFinance$2fast 606 $aUniversities and colleges$xTaxation$2fast 607 $aUnited States$2fast 608 $aLegislative hearings.$2lcgft 608 $aLegislative hearings.$2fast 615 0$aUniversities and colleges$xTaxation 615 0$aUniversities and colleges$xFinance. 615 0$aTax exemption 615 0$aNonprofit organizations$xTaxation$xLaw and legislation 615 0$aTaxpayer compliance 615 7$aNonprofit organizations$xTaxation$xLaw and legislation. 615 7$aTax exemption. 615 7$aTaxpayer compliance. 615 7$aUniversities and colleges$xFinance. 615 7$aUniversities and colleges$xTaxation. 801 0$bGPO 801 1$bGPO 801 2$bGPO 801 2$bSTF 801 2$bOCLCO 801 2$bOCLCF 801 2$bCWCLL 801 2$bGPO 906 $aBOOK 912 $a9910707368103321 996 $aInternal Revenue Service's colleges and universities compliance project$93531278 997 $aUNINA